| 000 | 00451nam a22001817a 4500 | ||
|---|---|---|---|
| 003 | MPLRDC | ||
| 005 | 20220104173333.0 | ||
| 008 | 210129b ||||| |||| 00| 0 eng d | ||
| 020 | _a978-1-60774-362-0 | ||
| 082 | _a542.7 BOL | ||
| 100 | _aRICHARD N. BOLLES | ||
| 245 |
_aWHAT COLOR IS YOUR PARACHUTE? _c |
||
| 250 | _aREVISED ED. | ||
| 260 |
_aU.S.A. _bTEN SPEED PRESS _c2013 |
||
| 300 | _b355 | ||
| 650 | _aOCCUPATION | ||
| 942 |
_cBK _o542.7 BOL |
||
| 999 |
_c59368 _d59358 |
||